No end to war : (Record no. 128382)

MARC details
000 -LEADER
fixed length control field 00704nam a22002297a 4500
005 - DATE AND TIME OF LATEST TRANSACTION
control field 20170124110038.0
010 ## - LIBRARY OF CONGRESS CONTROL NUMBER
LC control number B-209603
020 ## - INTERNATIONAL STANDARD BOOK NUMBER
Terms of availability 999.00
International Standard Book Number 0826414354
035 ## - SYSTEM CONTROL NUMBER
System control number B-209603
037 ## - SOURCE OF ACQUISITION
Source of stock number/acquisition Cen Lib/Ret
040 ## - CATALOGING SOURCE
Original cataloging agency DPL
Language of cataloging EN
082 ## - DEWEY DECIMAL CLASSIFICATION NUMBER
Classification number 303.625
Item number LAQ
100 ## - MAIN ENTRY--PERSONAL NAME
Personal name Laqueur, Walter
9 (RLIN) 14486
245 ## - TITLE STATEMENT
Title No end to war :
Statement of responsibility, etc by Walter Laqueur
Remainder of title terrorism in the twenty-first century /
260 ## - PUBLICATION, DISTRIBUTION, ETC. (IMPRINT)
Place of publication, distribution, etc New York
Name of publisher, distributor, etc Continuum
Date of publication, distribution, etc 2003
270 ## - ADDRESS
Address 370, Lexington Avenue
City New York
Postal code 10017
300 ## - PHYSICAL DESCRIPTION
Extent 288p.
Dimensions 23cm(Hb)
500 ## - GENERAL NOTE
General note Includes bibliographical references and index.
650 ## - SUBJECT ADDED ENTRY--TOPICAL TERM
Topical term or geographic name as entry element World politics
9 (RLIN) 5568
650 ## - SUBJECT ADDED ENTRY--TOPICAL TERM
Topical term or geographic name as entry element Terrorism
9 (RLIN) 2076
942 ## - ADDED ENTRY ELEMENTS (KOHA)
Source of classification or shelving scheme Dewey Decimal Classification
Koha item type English Books
Classification part 303.625
Call number suffix LAQ
Holdings
Withdrawn status Lost status Damaged status Not for loan Home library Current library Date acquired Source of acquisition Cost, normal purchase price Total Checkouts Total Renewals Full call number Barcode Date last seen Date checked out Copy number Cost, replacement price Price effective from Koha item type
        Central Library Central Library 02/07/2015 Cen Lib/Ret 999.00 8 1 303.625 LAQ B-209603 22/04/2024 09/04/2024 1 999.00 02/07/2015 English Books

© Delhi Public Library
Hit Counter
free hit counter